[Event "Straume Romjul op"]
[Site "Straume"]
[Date "2014.12.27"]
[Round "3"]
[White "Vage, Edvard"]
[Black "Fjeldstad, Kay Ove"]
[Result "0-1"]
[WhiteElo "1559"]
[BlackElo "1466"]
[PlyCount "82"]
[EventDate "2014.12.26"]
[EventType "swiss"]
[EventRounds "5"]
[EventCountry "NOR"]
[SourceTitle "EXT 2024"]
[Source "ChessBase"]
[SourceDate "2023.10.10"]
[SourceVersion "1"]
[SourceVersionDate "2023.10.10"]
[SourceQuality "1"]

1. e4 c5 2. Nc3 Nc6 3. f4 e6 4. Nf3 a6 5. a4 d5 6. e5 Nge7 7. g3 Nf5 8. Bg2 Be7 9. 0-0 Bd7 10. Ne2 Qb6 11. c3 c4+ 12. Kh1 h5 13. h4 Bc5 14. d4 cxd3 15. Qxd3 Rd8 16. b4 Be3 17. Ba3 d4 18. b5 axb5 19. axb5 Nce7 20. c4 Ng6 21. Rfb1 f6 22. c5 Qc7 23. Bb4 fxe5 24. Ba5 Qxc5 25. Bxd8 Kxd8 26. Ra8+ Bc8 27. Ng5 Ke7 28. Ne4 Qc7 29. b6 Qd8 30. Qa3+ Kf7 31. Ng5+ Kf6 32. Ne4+ Kf7 33. Ng5+ Kf6 34. fxe5+ Nxe5 35. Kh2 Ng4+ 36. Kh3 Bxg5 37. hxg5+ Kxg5 38. Bxb7 h4 39. Qc1+ Nge3 40. g4 Qd6 41. Bxc8 Qg3+ 0-1

[Event "NOR-ch Class2"]
[Site "Lillehammer"]
[Date "2013.06.29"]
[Round "9"]
[White "Vage, Edvard"]
[Black "Bekkelien, Lewi"]
[Result "1/2-1/2"]
[WhiteElo "1566"]
[BlackElo "1721"]
[PlyCount "38"]
[EventDate "2013.06.29"]
[EventType "swiss"]
[EventRounds "9"]
[EventCountry "NOR"]
[SourceTitle "EXT 2017"]
[Source "ChessBase"]
[SourceDate "2016.10.25"]
[SourceVersion "1"]
[SourceVersionDate "2016.10.25"]
[SourceQuality "1"]

1. e4 e6 2. d4 d5 3. Nd2 Nc6 4. c3 e5 5. Ngf3 exd4 6. cxd4 Bg4 7. exd5 Qxd5 8. Bc4 Qh5 9. Qa4 Bd7 10. Qc2 Nf6 11. 0-0 0-0-0 12. Re1 Bd6 13. Nf1 Bf5 14. Qa4 Bd7 15. Bb5 a6 16. Be2 Nb4 17. Qb3 Be6 18. Qa4 Bd7 19. Qb3 Be6 1/2-1/2

[Event "NOR-ch Class2"]
[Site "Lillehammer"]
[Date "2013.06.29"]
[Round "8"]
[White "Vage, Edvard"]
[Black "Sem Johansen, Asmund"]
[Result "0-1"]
[WhiteElo "1566"]
[BlackElo "1568"]
[PlyCount "116"]
[EventDate "2013.06.29"]
[EventType "swiss"]
[EventRounds "9"]
[EventCountry "NOR"]
[SourceTitle "EXT 2017"]
[Source "ChessBase"]
[SourceDate "2016.10.25"]
[SourceVersion "1"]
[SourceVersionDate "2016.10.25"]
[SourceQuality "1"]

1. e4 d5 2. exd5 Nf6 3. d4 Nxd5 4. c4 Nf6 5. Nf3 e6 6. Nc3 Be7 7. Bd3 0-0 8. 0-0 c5 9. Be3 cxd4 10. Nxd4 e5 11. Nf5 Bxf5 12. Bxf5 Nc6 13. Qa4 Nd4 14. Rad1 Qb6 15. Nb5 Rfd8 16. Nxd4 exd4 17. Bc1 Qc5 18. Qc2 g6 19. Bd3 Bd6 20. Qe2 h5 21. Rfe1 Re8 22. Qd2 Rxe1+ 23. Rxe1 Qc7 24. h3 Qd7 25. Qg5 Re8 26. Rxe8+ Nxe8 27. Qd5 Nf6 28. Qf3 Qe6 29. Qe2 Qd7 30. a3 Kg7 31. b4 Bc7 32. Bg5 Ng8 33. Qe4 b6 34. Bf4 Bxf4 35. Qxf4 Ne7 36. Qe5+ f6 37. Qf4 Nc6 38. c5 Ne5 39. Qd2 bxc5 40. bxc5 Qd5 41. Qc2 Nxd3 42. Qxd3 Qxc5 43. h4 Qc3 44. Qb5 Qe1+ 45. Qf1 Qxf1+ 46. Kxf1 Kf7 47. Ke2 Ke6 48. Kd3 Kd5 49. f3 a5 50. g4 f5 51. gxh5 gxh5 52. Kd2 Kc4 53. Kc2 d3+ 54. Kd2 Kd4 55. a4 f4 56. Kd1 Ke3 57. Ke1 Kxf3 58. Kd2 Ke4 0-1